1210 1156 1469 1551 1336 1211 1513 1353 1762 1617 1594 1245 1999 1123 1321 1079 1610 1453 1258 1287 1000 1486 1137 1312 1727 1780 1328 1832 1083 1791 1033 1937 1106 1723 1393 1961 1508 1908 1285 1543 1149 1332 1347 1804 1118 1836 1465 1795 1161 1937 1527 1948 1343 1681 1075 1640 1547 1702 1136 1325 1099 1406 1934 1135 1718 1649 1969 1279 1452 1940 1184 1753 1552 1625 1960 1943 1112 1623 1550 1140 1830 1512 1386 1108 1752 1367 1628 1667 1574 1868 1242 1593 1158 1400 1973 1976 1330 1600 1279 BCNSPRNW ULIB Ver.6.0+V

เปลี่ยนเป็นภาษาไทย

Change to English
 แสดงรายละเอียดบรรณานุกรม
  กลับหน้าหลัก

Brief Record : Get Marc (ISO 2709) : E-mail record : QR code < ปิดหน้าต่าง
LEADER : 00000nam 2200000uu 4500
001    13399121305
003     ULIB
008    121114s2546||||th 000 0 tha d
020    ^a9749023102
050  4 ^aPE1130^bS111ว
100 0  ^aThornbury, Scott
245 10 ^aวิธีสอนศัพท์ =^bHow to teach vocabulary /^cThornbury, Scott
246 31 ^aHow to teach vocabulary
250    ^aพิมพ์ครั้งที่ 1
260    ^aกรุงเทพฯ :^bPearson Education incochina,^c2546
300    ^a237 หน้า
650  7 ^aภาษาอังกฤษ^xการศึกษาและการสอน
650  7 ^aภาษาอังกฤษ^xคำศัพท์
945    ^p430^l0^i14158
995    ^aวิภา
999 ^a ทศพร
รายการนี้ยังไม่มีแท็ก
คุณยังไม่ได้ล็อกอิน คุณสามารถมีกิจกรรมร่วมกับเว็บไซต์ได้ แต่ต้องล็อกอินก่อน ::
  ล็อกอิน

รายการสื่อสารสนเทศ

ลำดับที่ ประเภท เลขเรียก/บาร์โค้ด สถานที่ สถานะ
1. วิทยาศาสตร์การแพทย์ และสุขภาพ
วิทยาศาสตร์การแพทย์ และสุขภาพ
PE1130 S111ว  
  Barcode: 14158
ห้องสมุดวิทยาเขตสวรรค์ประชารักษ์
►หนังสือทั่วไป
บนชั้น

รายการใกล้เคียง
    ผู้แต่ง [Thornbury, Scott]

    หัวเรื่อง [ภาษาอังกฤษ การศึกษาและการสอน]
    หัวเรื่อง [ภาษาอังกฤษ คำศัพท์]

BibComment


ยังไม่เคยถูกคอมเมนท์

คอมเมนท์ทรัพยากรรายการนี้
  คอมเมนท์: วิธีสอนศัพท์ Ho..


 Copyright 2026. Bcnsprnw @Library